00742nam a2200169Ia 4500008004100000020001800041041000800059082001900067100002100086245023300107250000600340260003900346300001300385650002100398999001900419952013400438210716s2018 xx 000 0 und d a9781788473576 aeng a005.30287 COCC aCocchiaro, Carl. aSelenium framework design in data-driven testing: build data driven test frameworks using selenium webdriver appiumdriver java and testng.bBuild data driven test frameworks using selenium webdriver appiumdriver java and testng. a1 aMumbaibPackt Publishing Ltdc2018 aviii,337 aSoftware Testing c196849d196849 001040708MCAaAIMITbAIMITeKnowledge Worldg1099.00l0o005.30287 COCCpMCA16364r2026-05-23 00:00:00v824.25w2021-07-16yBK